[Event "AUT-chT2W 1718"]
[Site "Austria"]
[Date "2018.03.10"]
[Round "10.3"]
[White "Proyer, Enno"]
[Black "Schiestl, Josef"]
[Result "0-1"]
[WhiteElo "2077"]
[BlackElo "2125"]
[PlyCount "68"]
[EventDate "2017.10.13"]
[EventType "team-tourn"]
[EventRounds "11"]
[EventCountry "AUT"]
[SourceTitle "EXT 2019"]
[Source "ChessBase"]
[SourceDate "2018.10.10"]
[SourceVersion "1"]
[SourceVersionDate "2018.10.10"]
[SourceQuality "1"]
[WhiteTeam "Dornbirn"]
[BlackTeam "Zillertal"]
[WhiteTeamCountry "AUT"]
[BlackTeamCountry "AUT"]

1. d4 Nf6 2. c4 g6 3. Nc3 Bg7 4. e4 d6 5. Nf3 0-0 6. Bg5 h6 7. Bh4 c5 8. dxc5 dxc5 9. e5 Nfd7 10. e6 fxe6 11. Qc2 g5 12. Bg3 Nc6 13. 0-0-0 Nd4 14. Nxd4 cxd4 15. Nb5 e5 16. h4 g4 17. Qg6 Rf6 18. Qxg4 a6 19. Na3 Nc5 20. Qe2 e4 21. Be5 Nd3+ 22. Rxd3 exd3 23. Qxd3 Rf7 24. Bxg7 Rxg7 25. Nc2 e5 26. Qe4 Qf6 27. Bd3 Rf7 28. f3 Bf5 29. Qxf5 Qxf5 30. Bxf5 Rxf5 31. Re1 Rc8 32. b3 b5 33. cxb5 d3 34. bxa6 Rxc2+ 0-1

[Event "AUT-chT2W 1617"]
[Site "Austria"]
[Date "2016.11.25"]
[Round "4.6"]
[White "Schiestl, Josef"]
[Black "Proyer, Enno"]
[Result "1-0"]
[WhiteElo "2123"]
[BlackElo "2103"]
[PlyCount "67"]
[EventDate "2016.10.28"]
[EventType "team-tourn"]
[EventRounds "11"]
[EventCountry "AUT"]
[SourceTitle "EXT 2018"]
[Source "ChessBase"]
[SourceDate "2017.10.13"]
[SourceVersion "1"]
[SourceVersionDate "2017.10.13"]
[SourceQuality "1"]
[WhiteTeam "Zillertal"]
[BlackTeam "Dornbirn"]
[WhiteTeamCountry "AUT"]
[BlackTeamCountry "AUT"]

1. e4 e6 2. d4 d5 3. Nd2 Be7 4. Bd3 c5 5. dxc5 Nf6 6. Qe2 Nc6 7. Ngf3 0-0 8. 0-0 Nb4 9. Nb3 Nxd3 10. cxd3 a5 11. Bg5 a4 12. Nbd2 b6 13. cxb6 Ba6 14. e5 Nd7 15. Bxe7 Qxe7 16. Qe3 Nc5 17. Ne1 Rab8 18. b4 Nd7 19. a3 Rfc8 20. Nb1 Rxb6 21. Nf3 f6 22. Re1 f5 23. Nd4 h6 24. Qd2 Qh4 25. Nf3 Qg4 26. h3 Qg6 27. Nc3 Bb7 28. Nxa4 Ra6 29. Nb2 Rac6 30. Nd4 R6c7 31. a4 f4 32. Qxf4 Rc2 33. Nxc2 Rxc2 34. Qd4 1-0

[Event "AUT-chT2W 1516"]
[Site "Austria"]
[Date "2016.01.24"]
[Round "8.5"]
[White "Proyer, Enno"]
[Black "Loeffler, Christoph"]
[Result "1-0"]
[WhiteElo "1906"]
[BlackElo "2159"]
[PlyCount "85"]
[EventDate "2015.10.16"]
[EventType "team-tourn"]
[EventRounds "11"]
[EventCountry "AUT"]
[SourceTitle "CBM 170 Extra"]
[Source "ChessBase"]
[SourceDate "2016.02.25"]
[SourceVersion "1"]
[SourceVersionDate "2016.02.25"]
[SourceQuality "1"]
[WhiteTeam "Dornbirn"]
[BlackTeam "Salzburg"]
[WhiteTeamCountry "AUT"]
[BlackTeamCountry "AUT"]

1. d4 c6 2. c4 g6 3. Nc3 Bg7 4. Nf3 d6 5. e4 Bg4 6. Be3 Nd7 7. h3 Bxf3 8. Qxf3 c5 9. Qd1 cxd4 10. Bxd4 Ngf6 11. Be2 0-0 12. 0-0 a6 13. b4 Rc8 14. Qd3 Nb6 15. c5 dxc5 16. bxc5 Nbd7 17. e5 Ne8 18. Qe3 Nc7 19. Bf3 Ne6 20. Rfd1 Nxd4 21. Rxd4 Qc7 22. Rb1 Nxe5 23. Rd5 Nxf3+ 24. Qxf3 e6 25. Rd3 Qxc5 26. Ne4 Qc6 27. Rxb7 Rc7 28. Rxc7 Qxc7 29. Ra3 a5 30. Rb3 Rb8 31. Nf6+ Bxf6 32. Qxf6 Rxb3 33. axb3 Qb6 34. Qc3 Qb4 35. Qxb4 axb4 36. Kf1 f5 37. Ke2 e5 38. Kd3 e4+ 39. Kc4 Kf7 40. Kxb4 Ke6 41. Kc4 Kd6 42. Kd4 Kc6 43. g4 1-0

[Event "AUT-chT2W 1516"]
[Site "Austria"]
[Date "2016.01.23"]
[Round "7.5"]
[White "Proyer, Enno"]
[Black "Hoellrigl, Wilfried"]
[Result "1-0"]
[WhiteElo "1906"]
[BlackElo "2153"]
[PlyCount "71"]
[EventDate "2015.10.16"]
[EventType "team-tourn"]
[EventRounds "11"]
[EventCountry "AUT"]
[SourceTitle "CBM 170 Extra"]
[Source "ChessBase"]
[SourceDate "2016.02.25"]
[SourceVersion "1"]
[SourceVersionDate "2016.02.25"]
[SourceQuality "1"]
[WhiteTeam "Dornbirn"]
[BlackTeam "Rochade Rum"]
[WhiteTeamCountry "AUT"]
[BlackTeamCountry "AUT"]

1. d4 Nf6 2. c4 g6 3. Nc3 d5 4. cxd5 Nxd5 5. Bd2 Bg7 6. e4 Nxc3 7. Bxc3 0-0 8. Qd2 b6 9. 0-0-0 e5 10. d5 c6 11. Nf3 Bg4 12. Qe3 cxd5 13. Rxd5 Qc7 14. Kb1 Nc6 15. Bb5 Bxf3 16. Qxf3 Nd4 17. Bxd4 exd4 18. Rc1 Qxh2 19. g3 Qh6 20. Rd1 Rad8 21. Bd7 Bh8 22. g4 Qg7 23. Rd3 Qf6 24. Qxf6 Bxf6 25. f4 Kg7 26. e5 Be7 27. R3xd4 f6 28. e6 Rh8 29. Rc4 h5 30. Rc7 Kf8 31. gxh5 Rxh5 32. Rxh5 gxh5 33. Rxa7 f5 34. Rb7 Bc5 35. b4 Be3 36. Ba4 1-0

[Event "AUT-ch U16"]
[Site "St Veit"]
[Date "2015.03.31"]
[Round "5.1"]
[White "Proyer, Enno"]
[Black "Kessler, Luca"]
[Result "0-1"]
[WhiteElo "1949"]
[BlackElo "2329"]
[PlyCount "64"]
[EventDate "2015.03.29"]
[EventType "swiss"]
[EventRounds "7"]
[EventCountry "AUT"]
[SourceTitle "EXT 2024"]
[Source "ChessBase"]
[SourceDate "2023.10.10"]
[SourceVersion "1"]
[SourceVersionDate "2023.10.10"]
[SourceQuality "1"]

1. Nf3 Nf6 2. g3 g6 3. Bg2 Bg7 4. 0-0 0-0 5. d4 d6 6. c4 Nc6 7. Nc3 a6 8. e4 Rb8 9. d5 Na5 10. Qd3 c5 11. Nd2 b5 12. f4 Nxc4 13. Nxc4 bxc4 14. Qxc4 Qb6 15. Rb1 a5 16. Na4 Qb4 17. Qc2 Nxd5 18. a3 Qd4+ 19. Kh1 Ne3 20. Bxe3 Qxe3 21. Rf3 Qd4 22. Rd3 Qf6 23. Nc3 Be6 24. e5 dxe5 25. Ne4 Qf5 26. Qxc5 exf4 27. b4 fxg3 28. Rxg3 axb4 29. axb4 Qxc5 30. Nxc5 Ba2 31. Rbb3 Bxb3 32. Rxb3 Rfc8 0-1

[Event "AUT-ch"]
[Site "Feistritz an der Drau"]
[Date "2014.08.30"]
[Round "8"]
[White "Toelly, Michael"]
[Black "Proyer, Enno"]
[Result "0-1"]
[WhiteElo "1968"]
[BlackElo "1962"]
[PlyCount "44"]
[EventDate "2014.08.24"]
[EventType "swiss"]
[EventRounds "9"]
[EventCountry "AUT"]
[SourceTitle "CBM 162 Extra"]
[Source "ChessBase"]
[SourceDate "2014.10.17"]
[SourceVersion "1"]
[SourceVersionDate "2014.10.17"]
[SourceQuality "1"]

1. c4 e6 2. g3 d5 3. Bg2 c6 4. Nf3 Bd6 5. 0-0 Nf6 6. Qc2 0-0 7. d4 Nbd7 8. b3 Qe7 9. Bb2 Re8 10. Nc3 b6 11. Rfe1 dxc4 12. bxc4 Bb7 13. e4 e5 14. Rad1 g6 15. dxe5 Bxe5 16. Nxe5 Nxe5 17. Nb1 Ba6 18. Nd2 Red8 19. Bf1 Rxd2 20. Rxd2 Nf3+ 21. Kh1 Nxe1 22. Qb1 Nf3 0-1

[Event "AUT-ch"]
[Site "Feistritz an der Drau"]
[Date "2014.08.26"]
[Round "4"]
[White "Higatsberger, Michael"]
[Black "Proyer, Enno"]
[Result "1-0"]
[WhiteElo "2145"]
[BlackElo "1962"]
[PlyCount "67"]
[EventDate "2014.08.24"]
[EventType "swiss"]
[EventRounds "9"]
[EventCountry "AUT"]
[SourceTitle "CBM 162 Extra"]
[Source "ChessBase"]
[SourceDate "2014.10.17"]
[SourceVersion "1"]
[SourceVersionDate "2014.10.17"]
[SourceQuality "1"]

1. e4 e6 2. d4 d5 3. e5 c5 4. c3 Nc6 5. Nf3 Qb6 6. a3 Nh6 7. b4 cxd4 8. cxd4 Bd7 9. Be3 Nf5 10. Bd3 Nxe3 11. fxe3 Be7 12. 0-0 f5 13. Nc3 0-0 14. Na4 Qd8 15. Nc5 Rb8 16. Rc1 g5 17. Ne1 a5 18. b5 Na7 19. a4 Rf7 20. g4 Bxc5 21. dxc5 Qf8 22. Qd2 Rc8 23. c6 bxc6 24. b6 c5 25. bxa7 c4 26. Qxa5 Bc6 27. gxf5 Qh6 28. fxe6 Rxf1+ 29. Bxf1 Qxe6 30. Bg2 Qxe5 31. Qc3 Qe7 32. Qd4 Qb7 33. Nf3 h6 34. Ne5 1-0

[Event "AUT-ch"]
[Site "Feistritz an der Drau"]
[Date "2014.08.24"]
[Round "2"]
[White "Sandhoefner, Florian"]
[Black "Proyer, Enno"]
[Result "1-0"]
[WhiteElo "2302"]
[BlackElo "1962"]
[PlyCount "53"]
[EventDate "2014.08.24"]
[EventType "swiss"]
[EventRounds "9"]
[EventCountry "AUT"]
[SourceTitle "CBM 162 Extra"]
[Source "ChessBase"]
[SourceDate "2014.10.17"]
[SourceVersion "1"]
[SourceVersionDate "2014.10.17"]
[SourceQuality "1"]

1. e4 e6 2. d4 d5 3. Nd2 Be7 4. e5 c5 5. Qg4 Bf8 6. dxc5 Nc6 7. Ngf3 f6 8. Bd3 f5 9. Qg3 Qc7 10. Nb3 Nge7 11. 0-0 Ng6 12. Re1 Bd7 13. h4 Na5 14. Nxa5 Qxa5 15. h5 Ne7 16. Be3 Nc6 17. a3 Qc7 18. b4 a6 19. c4 0-0-0 20. cxd5 exd5 21. e6 Bxe6 22. Qxc7+ Kxc7 23. Bf4+ Kd7 24. Ng5 Nd4 25. Nxe6 Nxe6 26. Bxf5 Re8 27. Rxe6 1-0

[Event "AUT-ch U16"]
[Site "Woerth"]
[Date "2014.04.16"]
[Round "6"]
[White "Atzl, Florian"]
[Black "Proyer, Enno"]
[Result "1-0"]
[WhiteElo "1861"]
[BlackElo "1965"]
[PlyCount "115"]
[EventDate "2014.04.13"]
[EventType "swiss"]
[EventRounds "7"]
[EventCountry "AUT"]
[SourceTitle "EXT 2015"]
[Source "ChessBase"]
[SourceDate "2014.11.20"]
[SourceVersion "1"]
[SourceVersionDate "2014.11.20"]
[SourceQuality "1"]

1. e4 e5 2. Bc4 Nc6 3. Nc3 Nf6 4. d3 d6 5. h3 Be7 6. Nf3 Na5 7. Bb3 Nxb3 8. axb3 0-0 9. 0-0 c5 10. Re1 h6 11. Nd2 Be6 12. Nc4 Qd7 13. Qf3 Nh7 14. Qg3 Kh8 15. Ne3 Bg5 16. Ned5 Bxc1 17. Rexc1 g5 18. Ra2 f5 19. exf5 Bxd5 20. Nxd5 Nf6 21. Ne3 a6 22. Qf3 Rae8 23. Ng4 Ng8 24. Ne3 Ne7 25. g4 Nc6 26. c3 Qf7 27. Qd5 Qd7 28. Nc4 Rd8 29. Re1 Ne7 30. Qe4 Nc6 31. Qd5 Ne7 32. Qg2 Nc6 33. Nb6 Qf7 34. Nd5 Ne7 35. Nxe7 Qxe7 36. Qd5 Qf7 37. Qxf7 Rxf7 38. Ra4 Kg7 39. b4 Kf6 40. Kg2 Re7 41. f3 Rc8 42. Re3 Rc6 43. bxc5 dxc5 44. Rae4 Rb6 45. Re2 Rd7 46. Rxe5 Rxd3 47. Re6+ Rxe6 48. Rxe6+ Kf7 49. Rb6 Rd7 50. Kg3 Kg7 51. Rg6+ Kh7 52. Re6 Kg7 53. h4 gxh4+ 54. Kxh4 a5 55. Rg6+ Kh7 56. Kh5 b5 57. Rxh6+ Kg8 58. Rc6 1-0

[Event "AUT-ch U16"]
[Site "Woerth"]
[Date "2014.04.15"]
[Round "4"]
[White "Hofer, Emilian"]
[Black "Proyer, Enno"]
[Result "1/2-1/2"]
[WhiteElo "2036"]
[BlackElo "1965"]
[PlyCount "61"]
[EventDate "2014.04.13"]
[EventType "swiss"]
[EventRounds "7"]
[EventCountry "AUT"]
[SourceTitle "EXT 2015"]
[Source "ChessBase"]
[SourceDate "2014.11.20"]
[SourceVersion "1"]
[SourceVersionDate "2014.11.20"]
[SourceQuality "1"]

1. e4 e5 2. Nf3 Nc6 3. Bb5 a6 4. Ba4 Nf6 5. 0-0 Be7 6. Re1 b5 7. Bb3 d6 8. c3 0-0 9. h3 Nb8 10. d4 Nbd7 11. Nbd2 Bb7 12. Bc2 Re8 13. Nf1 d5 14. exd5 exd4 15. Nxd4 Nxd5 16. Ng3 g6 17. Bh6 Bf8 18. Qd2 Rxe1+ 19. Rxe1 Bxh6 20. Qxh6 Qf8 21. Qg5 Qd8 22. Qh6 Qf8 23. Qg5 Qd8 24. Qh6 Qf8 25. Qg5 Qd8 26. Qh6 Qf8 27. Qg5 Qd8 28. Qh6 Qf8 29. Qg5 Qd8 30. Qh6 Qf8 31. Qg5 1/2-1/2

[Event "AUT-ch"]
[Site "Feldkirch"]
[Date "2013.07.24"]
[Round "5"]
[White "Proyer, Enno"]
[Black "Kleiser, Gregor"]
[Result "1/2-1/2"]
[WhiteElo "1911"]
[BlackElo "2267"]
[PlyCount "106"]
[EventDate "2013.07.20"]
[EventType "swiss"]
[EventRounds "9"]
[EventCountry "AUT"]
[SourceTitle "CBM 155 Extra"]
[Source "ChessBase"]
[SourceDate "2013.08.26"]
[SourceVersion "1"]
[SourceVersionDate "2013.08.26"]
[SourceQuality "1"]

1. d4 Nf6 2. c4 g6 3. Nc3 d5 4. Bf4 Bg7 5. e3 0-0 6. Rc1 c5 7. dxc5 dxc4 8. Qxd8 Rxd8 9. Bxc4 Nbd7 10. Bc7 Rf8 11. b4 a5 12. a3 axb4 13. axb4 Ne8 14. Nd5 Nxc7 15. Nxc7 Ra4 16. Nd5 Ne5 17. Nxe7+ Kh8 18. Be2 Be6 19. Nf3 Re8 20. Nxe5 Bxe5 21. Bb5 Raa8 22. Bxe8 Rxe8 23. Nxg6+ hxg6 24. 0-0 Bd7 25. Rfd1 Bc6 26. f3 Ra8 27. Rb1 Bb5 28. Rd5 Bc7 29. h4 Kg7 30. h5 Bc6 31. Rg5 Kh6 32. f4 Bd8 33. b5 Be4 34. Rb4 Bf5 35. e4 Be7 36. exf5 Bxc5+ 37. Kh2 Bxb4 38. fxg6 Rg8 39. Rd5 fxg6 40. hxg6 Rxg6 41. Kh3 Rd6 42. Rg5 Rd3+ 43. g3 Rc3 44. Kg4 Rc5 45. Rxc5 Bxc5 46. Kf5 Kg7 47. Ke6 Be3 48. f5 Bg5 49. b6 Bd8 50. Kd7 Bxb6 51. Kc8 Bf2 52. Kxb7 Bxg3 53. f6+ Kxf6 1/2-1/2

[Event "AUT-ch"]
[Site "Feldkirch"]
[Date "2013.07.22"]
[Round "3"]
[White "Proyer, Enno"]
[Black "Spiesberger, Gerhard"]
[Result "1/2-1/2"]
[WhiteElo "1911"]
[BlackElo "2077"]
[PlyCount "71"]
[EventDate "2013.07.20"]
[EventType "swiss"]
[EventRounds "9"]
[EventCountry "AUT"]
[SourceTitle "CBM 155 Extra"]
[Source "ChessBase"]
[SourceDate "2013.08.26"]
[SourceVersion "1"]
[SourceVersionDate "2013.08.26"]
[SourceQuality "1"]

1. d4 Nf6 2. c4 e6 3. Nc3 Bb4 4. Qc2 0-0 5. a3 Bxc3+ 6. Qxc3 d6 7. Bg5 Nc6 8. Nf3 Re8 9. 0-0-0 Ne4 10. Bxd8 Nxc3 11. bxc3 Nxd8 12. e3 f6 13. Bd3 e5 14. Nd2 Bd7 15. Rde1 Ne6 16. f3 c5 17. Ne4 cxd4 18. Nxd6 Nc5 19. Rd1 Re6 20. Ne4 b6 21. Nxc5 bxc5 22. exd4 cxd4 23. cxd4 exd4 24. Be4 Bc6 25. Bxc6 Rxc6 26. Rxd4 Rb8 27. Rhd1 Rb3 28. R1d3 Rxd3 29. Rxd3 Rxc4+ 30. Kb2 Rc7 31. Rd2 Kf7 32. Kb3 g5 33. Kb4 h5 34. a4 Ke6 35. g3 Ke5 36. a5 1/2-1/2

[Event "Styrian op-A"]
[Site "Bad Gleichenberg"]
[Date "2013.07.14"]
[Round "9"]
[White "Mesaros, Florian"]
[Black "Proyer, Enno"]
[Result "1/2-1/2"]
[WhiteElo "2166"]
[BlackElo "1911"]
[PlyCount "68"]
[EventDate "2013.07.06"]
[EventType "swiss"]
[EventRounds "9"]
[EventCountry "AUT"]
[SourceTitle "CBM 155 Extra"]
[Source "ChessBase"]
[SourceDate "2013.08.26"]
[SourceVersion "1"]
[SourceVersionDate "2013.08.26"]
[SourceQuality "1"]

1. Nf3 c5 2. c4 Nc6 3. Nc3 g6 4. e3 Nf6 5. d4 cxd4 6. exd4 d5 7. Bg5 Ne4 8. cxd5 Nxc3 9. bxc3 Qxd5 10. Be2 Bg7 11. 0-0 0-0 12. Qd2 Re8 13. Rab1 Bf5 14. Rb5 Qd7 15. Rd1 a6 16. Rb3 b5 17. d5 Na5 18. Rb4 Rac8 19. Rc1 Rc5 20. c4 bxc4 21. Bxc4 Nxc4 22. Rbxc4 Rxd5 23. Qe1 Qe6 24. Qxe6 Bxe6 25. Ra4 Bb2 26. Re1 Bc3 27. Rc1 Red8 28. h4 Rd1+ 29. Rxd1 Rxd1+ 30. Kh2 a5 31. Bxe7 Ra1 32. a3 h6 33. Re4 Kg7 34. Re3 Bf6 1/2-1/2

[Event "Styrian op-A"]
[Site "Bad Gleichenberg"]
[Date "2013.07.11"]
[Round "6"]
[White "Proyer, Enno"]
[Black "Enne, Harald"]
[Result "1-0"]
[WhiteElo "1911"]
[BlackElo "2007"]
[PlyCount "113"]
[EventDate "2013.07.06"]
[EventType "swiss"]
[EventRounds "9"]
[EventCountry "AUT"]
[SourceTitle "CBM 155 Extra"]
[Source "ChessBase"]
[SourceDate "2013.08.26"]
[SourceVersion "1"]
[SourceVersionDate "2013.08.26"]
[SourceQuality "1"]

1. d4 d5 2. c4 e6 3. Nc3 c5 4. cxd5 exd5 5. Nf3 Nc6 6. g3 Nf6 7. Bg2 Be7 8. 0-0 0-0 9. dxc5 Bxc5 10. Bg5 Be7 11. Bxf6 Bxf6 12. Qxd5 Qxd5 13. Nxd5 Bxb2 14. Rab1 Ba3 15. Rb3 Bc5 16. Rc1 b6 17. e3 Be6 18. Ng5 Bxd5 19. Bxd5 Na5 20. Rb5 Rac8 21. Kg2 h6 22. Nf3 Rfd8 23. e4 Nc6 24. Bxc6 Rxc6 25. Rb3 Rcd6 26. Rc2 a5 27. Rbc3 Kf8 28. e5 Rd5 29. Rc4 Ke7 30. Rg4 g6 31. Rh4 h5 32. Rf4 R8d7 33. h4 Bd4 34. Rxd4 Rxd4 35. Nxd4 Rxd4 36. Rc7+ Ke6 37. Rc6+ Kxe5 38. Rxb6 Rb4 39. Rc6 Kd5 40. Rc7 Rb2 41. Rxf7 Rxa2 42. Rf6 a4 43. Rxg6 Rb2 44. Rg5+ Kc4 45. Rxh5 Rb5 46. Rh8 a3 47. Ra8 Kb3 48. g4 a2 49. h5 Kb2 50. f4 a1Q 51. Rxa1 Kxa1 52. g5 Kb2 53. h6 Kc3 54. h7 Rb8 55. g6 Kd4 56. g7 Rb2+ 57. Kg3 1-0

[Event "Styrian op-A"]
[Site "Bad Gleichenberg"]
[Date "2013.07.07"]
[Round "2"]
[White "Proyer, Enno"]
[Black "Hofmann, Thomas"]
[Result "0-1"]
[WhiteElo "1911"]
[BlackElo "2125"]
[PlyCount "48"]
[EventDate "2013.07.06"]
[EventType "swiss"]
[EventRounds "9"]
[EventCountry "AUT"]
[SourceTitle "CBM 155 Extra"]
[Source "ChessBase"]
[SourceDate "2013.08.26"]
[SourceVersion "1"]
[SourceVersionDate "2013.08.26"]
[SourceQuality "1"]

1. d4 Nf6 2. c4 e6 3. Nc3 d5 4. cxd5 exd5 5. Bg5 Nbd7 6. e3 c6 7. Bd3 Be7 8. Qc2 Nh5 9. Bxe7 Qxe7 10. Nge2 g6 11. 0-0 0-0 12. Rae1 f5 13. Nc1 Ndf6 14. f3 Bd7 15. Nb3 Rae8 16. e4 fxe4 17. fxe4 Ng4 18. Rxf8+ Rxf8 19. g3 Qf6 20. e5 Qf3 21. Qe2 Nxh2 22. Qxh2 Qxd3 23. Ne2 Qe3+ 24. Kh1 Bg4 0-1

[Event "Liechtenstein op 31st"]
[Site "Triesen"]
[Date "2013.05.05"]
[Round "3"]
[White "Proyer, Enno"]
[Black "Benes, Petr"]
[Result "0-1"]
[WhiteElo "1886"]
[BlackElo "2097"]
[PlyCount "74"]
[EventDate "2013.05.03"]
[EventType "swiss"]
[EventRounds "9"]
[EventCountry "LIE"]
[SourceTitle "CBM 154 Extra"]
[Source "ChessBase"]
[SourceDate "2013.06.25"]
[SourceVersion "2"]
[SourceVersionDate "2013.06.25"]
[SourceQuality "1"]

1. d4 d6 2. c4 e5 3. d5 f5 4. e4 Nf6 5. Nc3 Be7 6. Bd3 fxe4 7. Nxe4 Nbd7 8. Nxf6+ Nxf6 9. Qc2 0-0 10. Ne2 c6 11. 0-0 Kh8 12. Ng3 cxd5 13. cxd5 Bd7 14. Bd2 Qb6 15. Rac1 Rac8 16. Qb1 Rxc1 17. Bxc1 Ng4 18. Nf5 g6 19. Ne3 Nf6 20. h3 Qd4 21. Rd1 Qh4 22. Bf1 Ne4 23. g3 Nxg3 24. fxg3 Qxg3+ 25. Bg2 Bxh3 26. Rf1 Rxf1+ 27. Kxf1 Bh4 28. Kg1 Bg5 29. Qe4 Bxe3+ 30. Bxe3 Bxg2 31. Qxg2 Qxe3+ 32. Kh1 e4 33. Kh2 Qf4+ 34. Kg1 e3 35. Qh3 Qf2+ 36. Kh1 Qe1+ 37. Kh2 Qd2+ 0-1

[Event "Liechtenstein op 31st"]
[Site "Triesen"]
[Date "2013.05.03"]
[Round "1"]
[White "Proyer, Enno"]
[Black "Kelecevic, Nedeljko"]
[Result "1-0"]
[WhiteElo "1886"]
[BlackElo "2257"]
[PlyCount "75"]
[EventDate "2013.05.03"]
[EventType "swiss"]
[EventRounds "9"]
[EventCountry "LIE"]
[SourceTitle "CBM 154 Extra"]
[Source "ChessBase"]
[SourceDate "2013.06.25"]
[SourceVersion "2"]
[SourceVersionDate "2013.06.25"]
[SourceQuality "1"]

1. d4 e6 2. c4 Nf6 3. Nc3 c5 4. Nf3 d5 5. cxd5 Nxd5 6. e4 Nxc3 7. bxc3 cxd4 8. cxd4 Nc6 9. a3 Be7 10. Be2 0-0 11. 0-0 b6 12. Bf4 Na5 13. Qd3 Bb7 14. Rac1 Bd6 15. Be3 h6 16. e5 Be7 17. Bd1 Qd5 18. Rc7 Bd8 19. Rxb7 Qxb7 20. Bc2 g6 21. Bxh6 Rc8 22. h4 f5 23. exf6 Rxf6 24. Bg5 Rf5 25. Bxd8 Rxd8 26. Qe3 Rxf3 27. gxf3 Qf7 28. Qg5 Rd5 29. Qg4 Kg7 30. Re1 Rd6 31. h5 Qf6 32. Re5 Kf8 33. hxg6 Nc6 34. Rg5 Qg7 35. Qf4+ Ke7 36. Rh5 Nxd4 37. Rh7 Ne2+ 38. Kh2 1-0

[Event "Vienna Husek op-A"]
[Site "Vienna"]
[Date "2012.08.18"]
[Round "6"]
[White "Proyer, Enno"]
[Black "Moes, Waldemar"]
[Result "0-1"]
[WhiteElo "1893"]
[BlackElo "2054"]
[PlyCount "72"]
[EventDate "2012.08.13"]
[EventType "swiss"]
[EventRounds "7"]
[EventCountry "AUT"]
[SourceTitle "EXT 2014"]
[Source "ChessBase"]
[SourceDate "2013.11.20"]
[SourceVersion "1"]
[SourceVersionDate "2013.11.20"]
[SourceQuality "1"]

1. d4 d5 2. c4 e6 3. Nc3 c5 4. cxd5 exd5 5. g3 cxd4 6. Qxd4 Nf6 7. Nf3 Nc6 8. Qe3+ Be7 9. Nd4 0-0 10. Qd2 Qb6 11. Nxc6 bxc6 12. Qc2 d4 13. Na4 Qa5+ 14. Bd2 Bb4 15. 0-0-0 Bxd2+ 16. Rxd2 Bf5 17. Qc5 Qxd2+ 18. Kxd2 Ne4+ 19. Kc1 Nxc5 20. Nxc5 Rfe8 21. Kd2 Rab8 22. b3 Re5 23. Nd3 Ra5 24. Nc1 Bb1 25. a4 Be4 26. f3 Bd5 27. Kd3 Bxb3 28. Kxd4 Rxa4+ 29. Ke3 Bc4 30. Nd3 Bxd3 31. Kxd3 Ra1 32. Bg2 Rxh1 33. Bxh1 a5 34. f4 a4 35. Bxc6 a3 36. Bd5 Rd8 0-1

[Event "Vienna Husek op-A"]
[Site "Vienna"]
[Date "2012.08.17"]
[Round "5"]
[White "Orsi, Massimiliano"]
[Black "Proyer, Enno"]
[Result "1/2-1/2"]
[WhiteElo "2028"]
[BlackElo "1893"]
[PlyCount "95"]
[EventDate "2012.08.13"]
[EventType "swiss"]
[EventRounds "7"]
[EventCountry "AUT"]
[SourceTitle "EXT 2014"]
[Source "ChessBase"]
[SourceDate "2013.11.20"]
[SourceVersion "1"]
[SourceVersionDate "2013.11.20"]
[SourceQuality "1"]

1. e4 e5 2. Nf3 Nc6 3. Bc4 Nf6 4. d3 Be7 5. c3 0-0 6. Bg5 Ne8 7. Bxe7 Qxe7 8. Nbd2 Na5 9. Qa4 Nxc4 10. Nxc4 d6 11. Ne3 c6 12. 0-0-0 a5 13. d4 b5 14. Qc2 Nc7 15. dxe5 dxe5 16. Qd3 f6 17. Qd6 Qf7 18. Kb1 Be6 19. Qxc6 Bxa2+ 20. Ka1 Ra6 21. Qd7 Be6 22. Qxf7+ Kxf7 23. Rd2 Rc8 24. Rhd1 Ne8 25. Rd8 Rc7 26. Nd5 Rc4 27. Nd2 Rcc6 28. Rb8 Nd6 29. f4 exf4 30. Nxf4 Bg4 31. Re1 Rcb6 32. Rd8 Nb7 33. Rd5 g5 34. h3 Bc8 35. Nd3 Be6 36. Rd4 Rc6 37. g4 Nc5 38. e5 Nxd3 39. Rxd3 h6 40. Rf1 Bc4 41. Nxc4 Rxc4 42. Rxf6+ Rxf6 43. exf6 Kxf6 44. Rd6+ Kg7 45. Ka2 Rc5 46. Kb3 Re5 47. Rd3 Kf6 48. Rd6+ 1/2-1/2